书目信息 |
| 题名: |
摄影构图一百廿例
|
|
| 作者: | 吴印咸 著 | |
| 分册: | ||
| 出版信息: | 北京 新华出版社 1983 |
|
| 页数: | 242页 | |
| 开本: | 21cm | |
| 丛书名: | ||
| 单 册: | ||
| 中图分类: | J406.1 | |
| 科图分类: | ||
| 主题词: | 摄影构图 | |
| 电子资源: | ||
| ISBN: | ||
| 000 | 00604nam0 2200229 45 | |
| 001 | 0183003974 | |
| 005 | 20060819152432.64 | |
| 010 | @dCNY1.60 | |
| 091 | @a7203.030 | |
| 100 | @a19950620d1983 emky0chiy0121 ea | |
| 101 | 0 | @achi |
| 102 | @aCN@b110000 | |
| 105 | @af z 000yy | |
| 200 | 10 | @a摄影构图一百廿例@Ashe ying gou tu yi bai nian li@f吴印咸著 |
| 210 | @a北京@c新华出版社@d1983 | |
| 215 | @a242页@d21cm | |
| 606 | @a摄影构图 | |
| 690 | @aJ406.1@v3 | |
| 701 | 0 | @a吴印咸@Awu yin xian@4著 |
| 801 | 0 | @aCN@b上海图书馆@c20060819 |
| 801 | 2 | @aCN@bNLC@c20060814 |
| 905 | @f1@b177332@dJ406.1@e56 | |
| 摄影构图一百廿例/吴印咸著.-北京:新华出版社,1983 |
| 242页;21cm |
| ISBN :CNY1.60 |
| ● |
| 相关链接 |
|
|
|
|
正题名:摄影构图一百廿例
索取号:J406.1/56
 
预约/预借
| 序号 | 登录号 | 条形码 | 馆藏地/架位号 | 状态 | 备注 |
| 1 | 0177332 | 000571946 | 第一借阅区/ [索取号:J406.1/56] | 在馆 | |
| 2 | 0177333 | 202111990 | 第一样本阅览室/ [索取号:J406.1/56] | 在馆 | |
| 3 | 0462553 | 204625539 | 密集书库/ [索取号:J406.1/56] | 在馆 | |
| 4 | 0466927 | 204669279 | 密集书库/ [索取号:J406.1/56] | 在馆 |